Sanat - "Jos sä tahdot niin" - Jippu ja Samuli Edelmann - Statistics

Yleistilastot
  • Tätä visaa on pelattu 456 kertaa
    455 viimeisimmän päivityksen jälkeen
  • Keskiarvotulos 158 / 205
Vastaustilastot
Vastaus % Oikein
Jos
100%
jos
100%
niin
100%
100%
tahdot
100%
ole
89%
olen
87%
ja
86%
muu
83%
tulen
81%
ilman
78%
sinua
78%
sulle
78%
joku
76%
helvettiin
75%
en
74%
sinun
74%
aivan
73%
enää
73%
hukun
73%
öihin
73%
puolitiessä
73%
sekaviin
73%
kotiin
72%
sun
71%
jouluksi
70%
no
69%
otan
66%
uskontosi
65%
Andorraan
64%
lähde
64%
sotiin
64%
uusiin
64%
muutan
62%
on
62%
tai
62%
vuoteeseen
62%
saan
60%
Sillä
60%
sillä
60%
tiibetin
60%
uudelleen
60%
virhe
60%
happy
59%
makes
59%
tapahtuu
59%
you
59%
ever
58%
tosi
58%
tuon
58%
what
58%
aina
57%
mut
57%
sut
57%
muistan
56%
nähdä
56%
rakkautta
56%
suudelleen
56%
valheesikin
56%
joskus
55%
kirjoille
55%
luoteeseen
55%
mulle
55%
siellä
55%
vielä
55%
joita
54%
kallioiden
53%
läpi
53%
mua
53%
pohjoisen
52%
siirrän
49%
vahtikoiraksi
49%
ovelles
48%
pääni
48%
painan
47%
koskaan
45%
povelles
45%
jään
44%
levoton
44%
minun
44%
mutta
44%
et
42%
kaikki
42%
myöskin
42%
olemme
42%
vaikka
41%
nimeäsi
36%
toista
33%
poista
32%
mielestäni
30%
kuvaas
26%
Ehtoja vastaavia visoja ei löytynyt
Tulosjakauma
Jokaisen tuloksen saaneiden osuus
Persentiili vastausten määrän mukaan
Tuloshistoriasi
Et ole pelannut tätä visaa sen viimeisimmän päivityksen jälkeen